000 01109nam a2200313 4500
001 0000019900
003 CO-CtgCURN
005 20250331185226.0
007 ta
008 160627s1997 000 0 eng d
020 _a9806184505
040 _aCO-CtgCURN
_bspa
_ccoctgcurn
082 0 _a617.63
_bA58d
100 1 _aAlvares, Silvia.
245 1 0 _aDiagnóstico y tratamiento del traumatismo dental /
_cSilvia Alvares y Sergio Alvares.
260 _aCaracas :
_bActualidades Medico Odontologicas latinoamerica,
_c1997.
300 _axv, 129 p.
336 _2rdacontent
337 _2rdamedia
_asin mediacion
_bn
338 _2rdacarrier
_avolumen
_bnc
500 _aIncluye indice.
504 _aBibliografia recomendada (p. 117-126)
505 8 _aHistología del periodonto.--El diagnostico clinico.--Fracturas coronarias.--Fractura Radicular.--Tratamiento endodontico.--Secuelas postraumatismo
650 1 4 _aOdontología.
700 1 _aAlvares, Sergio.
908 _a160627
942 _cBK
_h617.63
_iA58d
_2ddc
999 _c23320
_d23320